00381nam a2200145Ia 450000500170000000800410001704100120005808200110007010000240008124500450010525000090015026000320015950000080019165000360019920240823050017.0240823s9999||||xx |||||||||||||| ||und|| aENGLISH A518 Q3 a"Arumugam , et al." 0aNumerical Analysis with Programming in C a1 st c2013bNew Gamma Publishing  aYES aNumerical AnalysisbMathematics